Concanavalin A as a tool
Αποθηκεύτηκε σε:
| Άλλοι συγγραφείς: | , |
|---|---|
| Μορφή: | Βιβλίο |
| Γλώσσα: | English |
| Δημοσίευση: |
London : New York :
Wiley,
1976
|
| Θέματα: | |
| Ετικέτες: |
Προσθήκη ετικέτας
Δεν υπάρχουν, Καταχωρήστε ετικέτα πρώτοι!
|
MARC
| LEADER | 00000cam a2200000 i 4500 | ||
|---|---|---|---|
| 001 | 1/6596 | ||
| 008 | 000615s1976 eng d | ||
| 035 | |l 10061987 | ||
| 040 | |a GR-MY-UA |b gre |e aacr | ||
| 041 | 0 | |a eng | |
| 082 | 0 | |a 599.08 | |
| 245 | 1 | 0 | |a Concanavalin A as a tool / |c edited by H. Bittiger and H. P. Schnebli |
| 260 | |a London : |a New York : |b Wiley, |c 1976 | ||
| 300 | |a xv, 639 p. |b fig., ill. | ||
| 500 | |a "A Wiley-Interscience publication." | ||
| 504 | |a Index: p. 637-639 | ||
| 650 | 0 | 0 | |a Concanavalin A. |
| 700 | 1 | |a Bittiger, H. |4 edt | |
| 700 | 1 | |a Schnebli, H. P. |4 edt | |
| 852 | |a INST |b LESVOS |e 20000615 |h 599.08 CON |p 005100023478 |q 005100023478 |t BK |y 0 | ||
| 909 | |a Λ |b 072982 | ||
| 970 | |z 2000/06/ΟΙΚΟΝΟΜΟΠΟΥΛΟΥ ΧΡΙΣΤΙΝΑ | ||